000 01381cam a2200265 a 4500
003 OSt
005 20200708132816.0
008 990413s1998 ck grb 000 0 spa c
010 _a99195888
020 _a9586018148
040 _aICU
_cCO-JMCR
082 0 4 _a332.09861009045 /
_bC387h
_221
100 1 _aCeballos Ramírez, Alfredo.
_eautor
_96870
245 1 4 _aUna historia sin final :
_botro capítulo del desarrollo económico /
_cAlfredo Ceballos Ramírez
250 _aPriemera edición
260 _aBogotá :
_bTM Editores,
_c1998.
300 _axxii, 354 páginas ;
_c23 cm.
490 1 _aAcadémica :
_aAdministración
505 0 _aEnfoque, marco conceptual, objetivos y metodología -- La formulación de las políticas -- El nivel institucional -- El compromiso agregado de las exportaciones -- Análisis al nivel de compañías -- Conclusiones -- Los últimos veinticinco años 1970-1995
520 0 _aEste libro investiga las políticas de desarrollo de las exportaciones. Analiza los procesos de exportación de formulación y revisión de las políticas, la actuación de las instituciones encargadas de promoverlas y los factores que influencian las decisiones de los exportadores.
651 1 0 _aColombia
_xHistoria económica
_96871
651 0 _aColombia
_xPolítica económica
_96872
830 0 _aAcadémica (Bogotá, Colombia)
_96873
942 _2ddc
_cBK
999 _c6750
_d6750